000 02064nam a2200397 i 4500
001 000024646
003 DO-SdBNP
005 20250916101735.0
007 ta
008 100519s2001 dr abc 001 0 spa d
020 _a9768175273
040 _aDO-SdBNP
_bspa
_cBNPHU
_erda
082 4 _a306.362097293
_bA333a 2001
_222
100 1 _aAlbert Batista, Celsa,
_d1942-
_930639
_eautora
245 1 4 _aLos africanos y nuestra isla :
_b(historia, cultura e identidad) /
_cCelsa Albert Batista ; prólogo Leyda Oquendo Barrios.
250 _a5ª ed.
264 _aSanto Domingo :
_bINDAASEL
_c2001.
300 _a59 páginas :
_bilustraciones, mapas, retratos. ;
_c22 cm.
336 _2rdacontent
_atexto
_btxt
337 _2rdamedia
_asin mediación
_bn
338 _2rdacarrier
_avolumen
_bnc
500 _aIncluye datos biográficos de la autora en las solapas.
504 _aBibliografía : p. 55-59.
505 0 _aPrólogo /
_rLeyda Oquendo Barrios --
_gIntroducción --
_tLos africanos y nuestra isla --
_t¿Qué hacían los africanos y africanas al ser traídos a la isla? --
_t¿A quién le gusta ser esclavo? --
_t¿Por qué somos mulatos los dominicanos? --
_tAlgo más sobre nuestra historia (Isla Tortuga y Santo Domingo) --
_t¿Cuando los esclavos alcanzan su libertad en nuestra isla? --
_t"En la búsqueda de la independencia" --
_tEl mundo en que vivimos --
_tEl pueblo y la cultura dominicana --
_tMicaela: leyenda e historia --
_gBibliografía.
590 _aInventariado, 2018/MFF
650 4 _aAfricanos
_zRepública Dominicana
_940536
650 4 _aEsclavitud en república dominicana
_xHistoria
_921364
650 0 _aTrata de esclavos
_xHistoria
_921366
650 4 _aNegros
_xVida social y costumbres
_zRepública Dominicana
_940538
650 4 _aNegros
_zRepública Dominicana
_xHistoria
_917935
650 0 _aEsclavitud
_921367
700 1 _aOquendo Barrios, Leyda,
_eprólogo
_950566
710 2 _aInstituto Dominicano de Estudios Africanos y Asiáticos Sebastián Lemba.
_940540
910 _aValidado. Control de calidad MMOLINA
942 _2ddc
_cLBS1
999 _c24139
_d24139